MARC details
| 000 -LEADER |
| fixed length control field |
01940cas a22004215a 4500 |
| 001 - CONTROL NUMBER |
| control field |
vtls003133931 |
| 003 - CONTROL NUMBER IDENTIFIER |
| control field |
MY-SjTCS |
| 005 - DATE AND TIME OF LATEST TRANSACTION |
| control field |
20200207085333.0 |
| 006 - FIXED-LENGTH DATA ELEMENTS--ADDITIONAL MATERIAL CHARACTERISTICS |
| fixed length control field |
m d |||||| |
| 007 - PHYSICAL DESCRIPTION FIXED FIELD--GENERAL INFORMATION |
| fixed length control field |
cr anunnnuuuaa |
| 008 - FIXED-LENGTH DATA ELEMENTS--GENERAL INFORMATION |
| fixed length control field |
800701c19819999dcuwr p 0 a0eng d |
| 022 0# - INTERNATIONAL STANDARD SERIAL NUMBER |
| International Standard Serial Number |
0270-6474 |
| Source |
1 |
| 035 ## - SYSTEM CONTROL NUMBER |
| System control number |
(EbpS)ebs499050 |
| 039 #9 - LEVEL OF BIBLIOGRAPHIC CONTROL AND CODING DETAIL [OBSOLETE] |
| Level of rules in bibliographic description |
201211121602 |
| Level of effort used to assign nonsubject heading access points |
izani |
| -- |
200812260843 |
| -- |
VLOAD |
| 050 00 - LIBRARY OF CONGRESS CALL NUMBER |
| Classification number |
QP351 |
| Item number |
.J65 |
| 060 00 - NATIONAL LIBRARY OF MEDICINE CALL NUMBER |
| Classification number |
W1 |
| Item number |
JO795BN |
| 245 04 - TITLE STATEMENT |
| Title |
The journal of neuroscience |
| Medium |
[electronic resource] : |
| Remainder of title |
the official journal of the Society for Neuroscience. |
| 246 30 - VARYING FORM OF TITLE |
| Title proper/short title |
Neuroscience |
| 260 ## - PUBLICATION, DISTRIBUTION, ETC. |
| Place of publication, distribution, etc. |
[Baltimore, MD : |
| Name of publisher, distributor, etc. |
The Society, |
| Date of publication, distribution, etc. |
c1981- |
| 310 ## - CURRENT PUBLICATION FREQUENCY |
| Current publication frequency |
Weekly, |
| Date of current publication frequency |
July 2003- |
| 362 0# - DATES OF PUBLICATION AND/OR SEQUENTIAL DESIGNATION |
| Dates of publication and/or sequential designation |
Vol. 1, no. 1 (Jan. 1981)- |
| 500 ## - GENERAL NOTE |
| General note |
Title from cover. |
| 500 ## - GENERAL NOTE |
| General note |
Latest issue consulted: Vol. 23, no. 16 (July 23, 2003). |
| 500 ## - GENERAL NOTE |
| General note |
Issues for July 2002- include a section called Brief communications; Rapid communications, its predecessor, published online May 1999-June 2002, not included in the print version. |
| 500 ## - GENERAL NOTE |
| General note |
Published: New York, NY : Oxford University Press, <1991->; Washington, D.C. : Journal of Neuroscience, Subscription Services Dept., <1999-> |
| 500 ## - GENERAL NOTE |
| General note |
Academic Journal |
| 529 ## - |
| -- |
TSLHHL |
| 530 ## - ADDITIONAL PHYSICAL FORM AVAILABLE NOTE |
| Additional physical form available note |
Indexing and abstracting for print publication. |
| 650 #0 - SUBJECT ADDED ENTRY--TOPICAL TERM |
| Topical term or geographic name entry element |
Neurophysiology |
| Form subdivision |
Periodicals. |
| 650 #0 - SUBJECT ADDED ENTRY--TOPICAL TERM |
| Topical term or geographic name entry element |
Neurology |
| Form subdivision |
Periodicals. |
| 650 #2 - SUBJECT ADDED ENTRY--TOPICAL TERM |
| Topical term or geographic name entry element |
Neurology |
| Form subdivision |
Periodicals. |
| 650 17 - SUBJECT ADDED ENTRY--TOPICAL TERM |
| Topical term or geographic name entry element |
Neurologie. |
| Source of heading or term |
gtt |
| 650 #6 - SUBJECT ADDED ENTRY--TOPICAL TERM |
| Topical term or geographic name entry element |
Neurophysiologie |
| Form subdivision |
Périodiques. |
| 650 #6 - SUBJECT ADDED ENTRY--TOPICAL TERM |
| Topical term or geographic name entry element |
Neurologie |
| Form subdivision |
Périodiques. |
| 710 2# - ADDED ENTRY--CORPORATE NAME |
| Corporate name or jurisdiction name as entry element |
Society for Neuroscience. |
| 773 0# - HOST ITEM ENTRY |
| Title |
Academic Source Complete |
| Place, publisher, and date of publication |
Ipswich, MA : EBSCO Publishing, 1999- |
| 856 40 - ELECTRONIC LOCATION AND ACCESS |
| Materials specified |
Abstracts Available: Jan 2003- |
| Public note |
Available on EBSCOhost. |
| Uniform Resource Identifier |
https://ezproxy.taylors.edu.my/login?url=https://search.ebscohost.com/direct.asp?db=a9h&jid=1Z2 |